[Event "Sachsen-Anhalt Verbandsliga 1920"]
[Site "Sachsen Anhalt"]
[Date "2020.10.17"]
[Round "8.5"]
[White "Leipold, Harald"]
[Black "Wilhelm, Dominik"]
[Result "1-0"]
[WhiteElo "1657"]
[BlackElo "1556"]
[PlyCount "35"]
[EventDate "2019.09.29"]
[EventType "team-tourn"]
[EventRounds "9"]
[EventCountry "GER"]
[SourceTitle "EXT 2023"]
[Source "ChessBase"]
[SourceDate "2022.10.05"]
[SourceVersion "1"]
[SourceVersionDate "2022.10.05"]
[SourceQuality "1"]
[WhiteTeam "Piesteritz Gruen-Weiss"]
[BlackTeam "Graefenhainichen"]
[WhiteTeamCountry "GER"]
[BlackTeamCountry "GER"]

1. d4 f5 2. Bf4 Nf6 3. e3 e6 4. c4 Be7 5. Nc3 d6 6. Bd3 Nbd7 7. Nf3 Nh5 8. Bg3 Nxg3 9. hxg3 Nf6 10. Qe2 Bd7 11. 0-0-0 c6 12. e4 Nxe4 13. Nxe4 d5 14. Nc3 a5 15. c5 b6 16. Ne5 Qc7 17. Qh5+ Kd8 18. Nf7+ 1-0